| 000 | 00573nam a2200193 a 4500 | ||
|---|---|---|---|
| 001 | 1034 | ||
| 005 | 20140414131928.0 | ||
| 008 | 041014s19uu xx 00 eng d | ||
| 020 | _a0-75250-773-7 | ||
| 050 |
_aER _bSn6 1995 |
||
| 100 | _aRepchuk, Caroline | ||
| 245 |
_aSnow White and the seven dwarfs / _cretold by Caroline Repchuck ; illustrated by Brian Robertson. |
||
| 260 |
_aBristol : _bA Parragon Book, _c1995. |
||
| 300 | _a1 v. p. : ill. ; cm. | ||
| 440 | _aFirst Classic Series | ||
| 650 | _aFairy tales. | ||
| 650 | _aChildren stories. | ||
| 999 |
_c112130 _d112130 |
||